Métodos Cuantitativos Para Historiadores /

Esta obra de caracter introductorio contiene un panorama de los métodos cuantitativos para historiadores: clasificación de los datos numerales y ordinales, intervalos y proporciones, procedi-mientos de representación de los testimonios cuantitativos, distrbución de frecuencias, notación sumatoria y...

Descripción completa

Guardado en:
Detalles Bibliográficos
Autor principal: Floud, Roderick (autor)
Formato: Libro
Idioma:Español
Edición:3a edición
Colección:(Alianza Universidad ; 124)
Temas:
Etiquetas: Agrega una etiqueta
Sin etiquetas, Sé el primero en etiquetar este registro!

MARC

LEADER 00000nam^a2200000^a^4500
001 000034468
005 20250521000000.0
009 20260310085237.803
037 |a Acervo ITESO - Biblioteca 
041 |a ESP 
082 |a 907. 2  |b FLO 
100 |a Floud, Roderick  |e (autor) 
245 1 0 |a Métodos Cuantitativos Para Historiadores /  |c R. Floud; tr. por: Jaime García-Lombardero y Viñas. 
250 |a 3a edición 
264 |a Madrid, España :  |b Alianza,  |c 1983 
300 |a 246 p. 
336 |a texto  |b txt  |2 rdacontenido 
337 |a sin mediación  |b n  |2 rdamedio 
338 |a volumen  |b nc  |2 rdasoporte 
440 1 |a (Alianza Universidad ;  |v 124) 
500 |a Traducción de: An Introduction to Quantitative Methods for Historians 
520 |a Esta obra de caracter introductorio contiene un panorama de los métodos cuantitativos para historiadores: clasificación de los datos numerales y ordinales, intervalos y proporciones, procedi-mientos de representación de los testimonios cuantitativos, distrbución de frecuencias, notación sumatoria y logaritmos, representación de los daros en forma gráfica y tabular, promedios y dispersiones, series temporales, relaciones entre variables, procedimientos para resolver el problema de los datos imperfectos, utilización de instrumentos propios del análisis cuantitativo. 
649 |a XX 
650 |a Historia 
650 |a Historiografía -  |x Metodología 
910 |a Fondo General 
920 |a Impresos - Libros 
930 |a Colección General 
905 |a 101 
901 |a 0344680100  |b IT1  |c ACC  |i 034468  |u 20250521 
902 |a https://opac.biblio.iteso.mx/vufind/Record/000034468